The next 200 years : A scenario for America & the World
Bewaard in:
| Hoofdauteur: | |
|---|---|
| Formaat: | Boek |
| Taal: | Undetermined |
| Gepubliceerd in: |
New York
William Morrow & Co, Inc
1976
|
| Onderwerpen: | |
| Tags: |
Voeg label toe
Geen labels, Wees de eerste die dit record labelt!
|
| Thư viện lưu trữ: | Trung tâm Học liệu Trường Đại học Cần Thơ |
|---|
| LEADER | 00535nam a2200193Ia 4500 | ||
|---|---|---|---|
| 001 | CTU_86683 | ||
| 008 | 210402s9999 xx 000 0 und d | ||
| 082 | |a 330.9 | ||
| 082 | |b K12 | ||
| 100 | |a Kahn, Herman | ||
| 245 | 4 | |a The next 200 years : | |
| 245 | 2 | |b A scenario for America & the World | |
| 245 | 0 | |c Herman Kahn | |
| 260 | |a New York | ||
| 260 | |b William Morrow & Co, Inc | ||
| 260 | |c 1976 | ||
| 650 | |a Economic fore casting,Economic history | ||
| 904 | |i Năm | ||
| 980 | |a Trung tâm Học liệu Trường Đại học Cần Thơ | ||